| 000 | 00787nam a2200241 u 4500 | ||
|---|---|---|---|
| 005 | 20240706063655.0 | ||
| 008 | 080918s2006 ag r 000 0 spa d | ||
| 020 | _a9875381632 (10 dígitos) | ||
| 020 | _a97898785381636 (13 dígitos) | ||
| 035 | _aUPN01000159547 | ||
| 049 | _aCG | ||
| 050 | 4 |
_aLC4704 _bT7.2 |
|
| 245 | 0 | 0 |
_aTratamiento de los problemas en el aprendizaje : _bactualización en clínica psicopedagógica / _ccomp. Gerardo Prol. |
| 260 |
_aBuenos Aires : _bNoveduc, _c2006. |
||
| 300 | _a159 p. | ||
| 440 | 0 | _aConjunciones | |
| 650 | 2 |
_aTrastornos del aprendizaje _96765 |
|
| 650 | 4 |
_aPsicopedagogía _95085 |
|
| 650 | 4 |
_aEnseñanza correctiva _921469 |
|
| 650 | 4 |
_aNiños con discapacidad _xEducación _91549 |
|
| 700 | 1 |
_aProl, Gerardo, _ecomp. |
|
| 905 | _aLibro | ||
| 999 |
_c131661 _d131661 |
||